000 00280nam a2200109Ia 4500
008 200302s9999 xx 000 0 und d
100 _aCarol Soucek King
245 _aDesigng with Light the Creative Touch
260 _bP B C International Inc.
260 _c1997
300 _a142 P.,
999 _c2039
_d2039